| 000 | 00375 a2200145 4500 | ||
|---|---|---|---|
| 001 | 66119 | ||
| 082 | _a519.402855369 MAT | ||
| 090 |
_c38416 _d38416 |
||
| 100 | _aMath Works Inc | ||
| 245 | _aMATLAB : using MATLAB graphics | ||
| 260 |
_aNatick, MA _bThe Math Works Inc _c1996 |
||
| 300 | _a100 p | ||
| 500 | _aMS textbook Avionics | ||
| 650 | _aMATLAB graphics | ||
| 942 |
_aNUST-CAE _k519.402855369 MAT |
||
| 999 |
_c301192 _d301192 |
||